載入...

Cattans

書目詳細資料
主要作者: V. K. N.
格式: Printed Book
語言:English
出版: Kottayan SPCA 1971
主題:
LEADER 00599nam a2200253 a 4500
001 adlib96000001
003 ViArRB
005 20151026132803.0
008 960221s1955 dcuabcdjdbkoqu001 0deng d
020
022
040 |a Adlib 
082
245 |a Cattans 
250
260 |a Kottayan  |b SPCA  |c 1971 
300 |a 269 P 
500 |a   
100 |a V. K. N. 
700
942 |c BK  |6 _ 
653 |a Malayalalm Literature  |a Malayalam Literature 
999 |c 55899  |d 55899 
952 |0 0  |1 0  |4 0  |6 FM_VKNC  |7 0  |9 68812  |a UL  |b UL  |d 2010-06-19  |o FM VKN/C  |p H0002065  |r 2010-06-19  |w 2010-06-19  |y BK